000 01202aam a2200313 i 4500
001 768714001
003 CO-MdFUSB
005 20211029170803.0
007 ta
008 211029t2005 ag |||| |||| 00| 0 spa d
020 _a9879403770
040 _bspa.
_aCO-MdFUSB
_cCO-MdFUSB
_dCO-MdFUSBC
_erda
041 _aspa
082 0 4 _a284.098
_223
_bM7418e
100 1 _aMondragón, Carlos
_eautor
245 1 0 _aLeudar la masa :
_bel pensamiento social de los protestantes en América Latina : 1920-1950
_c/ Carlos Mondragón ; dirigido por Carlos René Padilla
264 1 _aBuenos Aires, Argentina :
_bkairós,
_c[2005]
264 4 _c© 2005
300 _a224 páginas
_c; 20 cm
336 _atexto
_btxt
_2rdacontent
337 _2rdamedia
_asin mediación
_bn
338 _2rdacarrier
_avolumen
_bnc
505 _aReligión y sociedad - La presencia protestante en América Latina - Un pensamiento religioso heterodoxo - Libertad de conciencia y libertad religiosa - Guerra y paz - Protestantismo y sociedad - Protestantismo e identidad nacional
563 _aRústico
650 0 _aProtestantismo
_9947
700 1 _9775
_aPadilla, C. René
_d1932-
_edirector
942 _cBK
945 _aJTF-925
999 _c43015
_d43015